[Event "BOL-ch (Women)"]
[Site "Santa Cruz"]
[Date "2022.05.20"]
[Round "2"]
[White "Ramirez, Maria Eugenia"]
[Black "Monroy Garzon, Nataly Alejandra"]
[Result "1/2-1/2"]
[WhiteElo "2005"]
[BlackElo "1898"]
[PlyCount "50"]
[EventDate "2022.05.19"]
[EventType "tourn"]
[EventRounds "7"]
[EventCountry "BOL"]
[SourceTitle "EXT 2023"]
[Source "ChessBase"]
[SourceDate "2022.10.05"]
[SourceVersion "1"]
[SourceVersionDate "2022.10.05"]
[SourceQuality "1"]

1. e4 c5 2. c3 d5 3. exd5 Qxd5 4. Nf3 g6 5. d4 Bg7 6. dxc5 Qxc5 7. Be3 Qc7 8. Nd4 a6 9. Na3 Nf6 10. Qa4+ Bd7 11. Qc4 Nc6 12. Be2 0-0 13. Bf3 Rac8 14. Nxc6 Bxc6 15. Bxc6 Qxc6 16. Qxc6 Rxc6 17. 0-0-0 Rfc8 18. Nc2 Ne4 19. Nd4 Rd6 20. Nb3 Be5 21. Rxd6 Bxd6 22. Rd1 Kf8 23. Kb1 Ke8 24. f3 Nc5 25. Nxc5 Bxc5 1/2-1/2

[Event "Oruro op 8th"]
[Site "Oruro"]
[Date "2022.05.07"]
[Round "5"]
[White "Ramirez, Maria Eugenia"]
[Black "Tapia Espada, Antonio Enrique"]
[Result "1-0"]
[WhiteElo "2005"]
[BlackElo "1616"]
[PlyCount "93"]
[EventDate "2022.05.05"]
[EventType "swiss"]
[EventRounds "7"]
[EventCountry "BOL"]
[SourceTitle "CBM 208 Extra"]
[Source "ChessBase"]
[SourceDate "2022.07.31"]
[SourceVersion "1"]
[SourceVersionDate "2022.07.31"]
[SourceQuality "1"]

1. e4 e5 2. Nf3 Nf6 3. Nc3 Nc6 4. Bb5 Nd4 5. Bc4 d6 6. h3 a6 7. Ng5 Ne6 8. Nxe6 Bxe6 9. Bxe6 fxe6 10. d4 Nd7 11. 0-0 Qh4 12. dxe5 Nxe5 13. Qd4 Be7 14. f4 0-0 15. Be3 c5 16. Qd1 Nc4 17. Bc1 Rad8 18. Qe2 b5 19. a4 Bf6 20. e5 dxe5 21. axb5 exf4 22. Qxc4 Bd4+ 23. Kh1 f3 24. Qxe6+ Kh8 25. gxf3 axb5 26. Qg4 Qf6 27. Bg5 Qc6 28. Bxd8 Rxd8 29. Rae1 g6 30. Qe6 Qc7 31. Kg2 Qf4 32. Re4 Qg5+ 33. Qg4 Qd2+ 34. Re2 Qh6 35. Rfe1 Qf8 36. Nxb5 Bf6 37. Nc7 Qd6 38. Ne8 Qd4 39. Nxf6 Qxf6 40. Re8+ Kg7 41. Rxd8 Qxd8 42. Re2 h5 43. Qf4 c4 44. Qe5+ Kh6 45. Qe7 Qb8 46. h4 Qf4 47. Qe3 1-0

[Event "Oruro op 8th"]
[Site "Oruro"]
[Date "2022.05.06"]
[Round "3"]
[White "Ramirez, Maria Eugenia"]
[Black "Molina, Jessica"]
[Result "1-0"]
[WhiteElo "2005"]
[BlackElo "1871"]
[PlyCount "75"]
[EventDate "2022.05.05"]
[EventType "swiss"]
[EventRounds "7"]
[EventCountry "BOL"]
[SourceTitle "CBM 208 Extra"]
[Source "ChessBase"]
[SourceDate "2022.07.31"]
[SourceVersion "1"]
[SourceVersionDate "2022.07.31"]
[SourceQuality "1"]

1. e4 d6 2. d4 g6 3. f4 Bg7 4. Nf3 Nd7 5. Bc4 e6 6. 0-0 Ne7 7. Nc3 0-0 8. Ng5 Nb6 9. Be2 d5 10. e5 a6 11. a4 h6 12. Nf3 Nd7 13. Qe1 b6 14. g4 c5 15. Nd1 cxd4 16. Nxd4 Nc5 17. b4 Ne4 18. Bd3 Bb7 19. Ba3 Re8 20. b5 Nc5 21. Qg3 a5 22. Nf2 Qd7 23. Rae1 Nxa4 24. f5 exf5 25. e6 Qc8 26. gxf5 f6 27. Bxe7 Rxe7 28. fxg6 Nc5 29. Nf5 Rxe6 30. Ne7+ Rxe7 31. Rxe7 Ne4 32. Nxe4 dxe4 33. Rc7 Qd8 34. Rxb7 Qd4+ 35. Qf2 Qd5 36. Rxg7+ Kxg7 37. Qxf6+ Kg8 38. Bxe4 1-0

[Event "BOL-ch sf (Women)"]
[Site "La Paz"]
[Date "2021.07.24"]
[Round "6"]
[White "Ramirez, Maria Eugenia"]
[Black "Coro, Soledad"]
[Result "1-0"]
[WhiteElo "2057"]
[BlackElo "1774"]
[PlyCount "61"]
[EventDate "2021.07.22"]
[EventType "swiss"]
[EventRounds "7"]
[EventCountry "BOL"]
[SourceTitle "EXT 2022"]
[Source "ChessBase"]
[SourceDate "2021.10.06"]
[SourceVersion "1"]
[SourceVersionDate "2021.10.06"]
[SourceQuality "1"]

1. e4 c5 2. c3 Qc7 3. Nf3 d6 4. d4 Bg4 5. Bc4 e6 6. Bb5+ Nd7 7. dxc5 Bxf3 8. Qxf3 dxc5 9. Na3 Ngf6 10. Bg5 Be7 11. 0-0-0 0-0-0 12. Bf4 e5 13. Bg3 Rhf8 14. Nc4 g6 15. Bh4 Ng8 16. Bxe7 Nxe7 17. Qh3 f5 18. Qxh7 Nf6 19. Qh4 Nxe4 20. Rxd8+ Rxd8 21. f3 Nd6 22. Nxd6+ Qxd6 23. Qf2 b6 24. Rd1 Qe6 25. b3 Kc7 26. Qe2 Nc6 27. Bxc6 Kxc6 28. h4 Re8 29. Re1 Qf7 30. Qa6 e4 31. Qa4+ 1-0

[Event "BOL-ch (Women)"]
[Site "La Paz"]
[Date "2020.01.19"]
[Round "4"]
[White "Molina, Jessica"]
[Black "Ramirez, Maria Eugenia"]
[Result "1/2-1/2"]
[WhiteElo "1837"]
[BlackElo "2079"]
[PlyCount "48"]
[EventDate "2020.01.18"]
[EventType "tourn"]
[EventRounds "7"]
[EventCountry "BOL"]
[SourceTitle "CBM 194 Extra"]
[Source "ChessBase"]
[SourceDate "2020.03.31"]
[SourceVersion "1"]
[SourceVersionDate "2020.03.31"]
[SourceQuality "1"]

1. d4 c5 2. c3 e6 3. Bf4 Nc6 4. e3 Qb6 5. Qb3 d5 6. Nf3 c4 7. Qc2 Nf6 8. Nbd2 Qd8 9. e4 b5 10. a3 Nxe4 11. Nxe4 dxe4 12. Qxe4 Bb7 13. Be2 Qd5 14. Qxd5 exd5 15. 0-0 Be7 16. Ne5 Rd8 17. b4 f6 18. Nxc6 Bxc6 19. Rfe1 h5 20. h4 Kf7 21. Bd1 Bd6 22. Bxd6 Rxd6 23. a4 a6 24. Ra2 g6 1/2-1/2

[Event "BOL-ch (Women)"]
[Site "La Paz"]
[Date "2020.01.19"]
[Round "3"]
[White "Ramirez, Maria Eugenia"]
[Black "Cordero, Daniela"]
[Result "1-0"]
[WhiteElo "2079"]
[BlackElo "2063"]
[PlyCount "65"]
[EventDate "2020.01.18"]
[EventType "tourn"]
[EventRounds "7"]
[EventCountry "BOL"]
[SourceTitle "CBM 194 Extra"]
[Source "ChessBase"]
[SourceDate "2020.03.31"]
[SourceVersion "1"]
[SourceVersionDate "2020.03.31"]
[SourceQuality "1"]

1. e4 e6 2. d4 d5 3. exd5 exd5 4. c4 Nf6 5. Nf3 Bb4+ 6. Nc3 0-0 7. Be2 dxc4 8. Bxc4 Bg4 9. Be3 Nbd7 10. Bd3 Nb6 11. Qb3 Nfd5 12. Ne5 Be6 13. Qc2 Nxe3 14. fxe3 Qh4+ 15. Qf2 Qxf2+ 16. Kxf2 c5 17. a3 cxd4 18. axb4 dxc3 19. bxc3 Nd5 20. Rhc1 Rfc8 21. Bc4 f6 22. Bxd5 Bxd5 23. Nd3 Rd8 24. Ne1 Bc4 25. Nf3 a6 26. Rd1 Bb3 27. Rd4 Rdc8 28. Ra3 Bf7 29. Rd7 b5 30. Nd4 Be8 31. Rb7 Bc6 32. Rb6 Be4 33. Re6 1-0

[Event "BOL-ch (Women)"]
[Site "Sucre"]
[Date "2018.01.13"]
[Round "6"]
[White "Ramirez, Maria Eugenia"]
[Black "Cordero, Daniela"]
[Result "0-1"]
[WhiteElo "2082"]
[BlackElo "2037"]
[PlyCount "80"]
[EventDate "2018.01.11"]
[EventType "tourn"]
[EventRounds "7"]
[EventCountry "BOL"]
[SourceTitle "EXT 2019"]
[Source "ChessBase"]
[SourceDate "2018.10.10"]
[SourceVersion "1"]
[SourceVersionDate "2018.10.10"]
[SourceQuality "1"]

1. e4 e6 2. d4 d5 3. e5 c5 4. c3 Nc6 5. Nf3 Nge7 6. a3 cxd4 7. cxd4 Nf5 8. Nc3 a6 9. g4 Nh4 10. Nxh4 Qxh4 11. Be3 f6 12. exf6 Qxf6 13. g5 Qf7 14. Qe2 Bd6 15. h4 Bd7 16. Bg2 Ne7 17. Qd2 Rf8 18. h5 Bc6 19. 0-0-0 0-0-0 20. Qc2 Kb8 21. Bf1 e5 22. Bh3 g6 23. hxg6 hxg6 24. Kb1 e4 25. Rhg1 Nf5 26. Bg4 Qc7 27. Qd2 Rf7 28. Rc1 Qd7 29. Bxf5 Rxf5 30. Rh1 Rdf8 31. Rh4 Qc7 32. Rh6 Qb6 33. Ka1 Bf4 34. Rh3 Bxe3 35. fxe3 Rf2 36. Ne2 Bb5 37. Re1 Bc4 38. Qd1 Qb5 39. a4 Qb4 40. Rhh1 Bb3 0-1

[Event "BOL-ch (Women)"]
[Site "Sucre"]
[Date "2018.01.11"]
[Round "2"]
[White "Ramirez, Maria Eugenia"]
[Black "Monroy Garzon, Nataly Alejandra"]
[Result "1-0"]
[WhiteElo "2082"]
[BlackElo "1943"]
[PlyCount "87"]
[EventDate "2018.01.11"]
[EventType "tourn"]
[EventRounds "7"]
[EventCountry "BOL"]
[SourceTitle "EXT 2019"]
[Source "ChessBase"]
[SourceDate "2018.10.10"]
[SourceVersion "1"]
[SourceVersionDate "2018.10.10"]
[SourceQuality "1"]

1. e4 c5 2. c3 g6 3. d4 cxd4 4. cxd4 d5 5. e5 Nc6 6. Nc3 Bg7 7. h3 Nh6 8. Bf4 f6 9. exf6 exf6 10. Qe2+ Ne7 11. Qd2 g5 12. Bh2 a6 13. 0-0-0 0-0 14. g4 Nf7 15. f4 gxf4 16. Bxf4 f5 17. Nf3 Ng6 18. Bd3 b5 19. Rdg1 Nd6 20. Bg5 Qc7 21. Kb1 Ne4 22. Bxe4 fxe4 23. Ne5 Be6 24. Nxg6 hxg6 25. Ne2 Rf2 26. Be3 Rff8 27. Nf4 Bf7 28. g5 Rac8 29. h4 Qd6 30. h5 gxh5 31. g6 Be8 32. Nxh5 Bxg6 33. Nxg7 Kxg7 34. Bh6+ Kg8 35. Bxf8 e3+ 36. Ka1 Rxf8 37. Qxe3 Rf6 38. Qe8+ Kg7 39. Qh8+ Kf7 40. Rf1 a5 41. Re1 Be4 42. Rhg1 Qf8 43. Qh5+ Ke7 44. Qxd5 1-0